[Event "Titled Tue 1st Jul Early"]
[Site "chess.com INT"]
[Date "2025.07.01"]
[Round "2"]
[White "Joseph Benher, Savio"]
[Black "Csonka, Balazs"]
[Result "1-0"]
[BlackTitle "IM"]
[WhiteElo "2143"]
[BlackElo "2467"]
[WhiteFideId "2629453"]
[BlackFideId "742910"]
[EventDate "2025.07.01"]

1. e4 c5 2. Nf3 d6 3. d4 cxd4 4. Nxd4 Nf6 5. Nc3 a6 6. Be2 e5 7. Nb3 Be7 8. Be3
Be6 9. Qd3 Nbd7 10. Nd5 Bxd5 11. exd5 O-O 12. O-O-O Qc7 13. Kb1 Rfc8 14. g4 Nxd5
15. Qxd5 Qxc2+ 16. Ka1 Qxe2 17. Qxb7 Qb5 18. Qe4 a5 19. g5 a4 20. Nc1 Nc5 21.
Qd5 Nb3+ 22. Nxb3 Qxd5 23. Rxd5 axb3 24. a3 Kf8 25. Rhd1 Ra4 26. Rb5 Rh4 27.
Rxb3 Rxh2 28. Rb7 f5 29. gxf6 gxf6 30. a4 Rh4 31. b3 f5 32. a5 f4 33. Bb6 Rh3
34. Kb2 Rhc3 35. Rd2 e4 36. a6 Bf6 37. Ka3 Rc1 38. a7 Ra1+ 39. Ra2 Rxa2+ 40.
Kxa2 Rc2+ 41. Ka3 Bb2+ 42. Ka4 Rc8 43. Rb8 1-0

[Event "Titled Tue 1st Jul Early"]
[Site "chess.com INT"]
[Date "2025.07.01"]
[Round "2"]
[White "Nikulina, Alena"]
[Black "Begunov, Konstantin"]
[Result "0-1"]
[WhiteTitle "WFM"]
[BlackTitle "FM"]
[WhiteElo "1875"]
[BlackElo "2325"]
[WhiteFideId "4172051"]
[BlackFideId "4118510"]
[EventDate "2025.07.01"]

1. e4 g6 2. d4 Bg7 3. Nc3 c6 4. Bc4 b5 5. Bd3 b4 6. Nce2 d5 7. Nf3 dxe4 8. Bxe4
Nf6 9. Bd3 O-O 10. O-O a5 11. Bg5 Ba6 12. c3 bxc3 13. bxc3 Nbd7 14. Re1 c5 15.
Bxa6 Rxa6 16. Qd3 Rd6 17. Ng3 cxd4 18. cxd4 Nc5 19. Qe2 Ne6 20. Be3 Qa8 21. Red1
Rfd8 22. Rac1 Nd5 23. Ne4 Nxe3 24. Qxe3 Bxd4 25. Nxd4 Rxd4 26. Rxd4 Rxd4 27. Ng5
Qd5 28. Nf3 Rd1+ 29. Ne1 Rxc1 30. Qxc1 Qxa2 31. g3 a4 32. Kg2 a3 33. Nc2 Qb2 34.
Qd1 a2 35. Na1 Qb7+ 36. Kg1 Qb1 0-1

[Event "Titled Tue 1st Jul Early"]
[Site "chess.com INT"]
[Date "2025.07.01"]
[Round "2"]
[White "Brejnik, Gustav"]
[Black "Weerasekara, Dishal Nimsara"]
[Result "0-1"]
[WhiteTitle "FM"]
[BlackTitle "FM"]
[WhiteElo "2220"]
[BlackElo "2104"]
[WhiteFideId "362662"]
[BlackFideId "9997431"]
[EventDate "2025.07.01"]

1. d4 Nf6 2. c4 e6 3. Nf3 d5 4. g3 Bb4+ 5. Nbd2 O-O 6. Bg2 b6 7. cxd5 exd5 8.
O-O Bb7 9. Ne5 Nbd7 10. Nd3 Bd6 11. Nf3 Re8 12. Bf4 Ne4 13. Rc1 Bxf4 14. Nxf4 c6
15. Nd3 Rc8 16. b4 Nd6 17. Nfe5 Nxe5 18. Nxe5 f6 19. Nxc6 Bxc6 20. Rxc6 Ne4 21.
Qc2 Qd7 22. Rc1 Rcd8 23. Rc7 Qf5 24. e3 a5 25. a3 h5 26. h4 g5 27. hxg5 h4 28.
gxh4 fxg5 29. hxg5 Qxg5 30. Qc6 Nxf2 31. Kxf2 Qxe3+ 32. Kf1 Rf8+ 33. Bf3 Rxf3+
34. Kg2 Rf2+ 35. Kg1 Qg3+ 36. Kh1 Qg2# 0-1

[Event "Titled Tue 1st Jul Early"]
[Site "chess.com INT"]
[Date "2025.07.01"]
[Round "2"]
[White "Zhukov, Ivan"]
[Black "Garbuz, Vitaliy"]
[Result "1-0"]
[WhiteTitle "CM"]
[BlackTitle "CM"]
[WhiteElo "2044"]
[BlackElo "2243"]
[WhiteFideId "54114748"]
[BlackFideId "12990710"]
[EventDate "2025.07.01"]

1. d4 d5 2. c4 e6 3. Nc3 a6 4. cxd5 exd5 5. Nf3 c6 6. Qc2 Be7 7. Bf4 Nf6 8. e3
Nh5 9. Be5 Nd7 10. Bd3 Nxe5 11. Nxe5 g6 12. O-O Ng7 13. Rab1 Bf5 14. b4 Bxd3 15.
Nxd3 Nf5 16. a4 Nd6 17. b5 axb5 18. axb5 Nc4 19. Ra1 O-O 20. bxc6 bxc6 21. h3
Bg5 22. Rfe1 Re8 23. Na4 Qf6 24. Nac5 Rxa1 25. Rxa1 Nxe3 26. fxe3 Bxe3+ 27. Kh1
Bxd4 28. Rd1 Qf5 29. Nb3 Be5 30. Re1 Re6 31. Nbc5 Bg3 32. Nxe6 Bxe1 33. Nd4 Qf1+
34. Kh2 Bh4 35. Nf3 Bf6 36. Qxc6 Qxd3 37. Qxf6 Qe4 38. Ng5 1-0

[Event "Titled Tue 1st Jul Early"]
[Site "chess.com INT"]
[Date "2025.07.01"]
[Round "2"]
[White "Gazineu Neto, Rubens"]
[Black "Fikiet, Alex"]
[Result "1-0"]
[WhiteElo "1960"]
[BlackElo "2151"]
[WhiteFideId "2174685"]
[BlackFideId "2052717"]
[EventDate "2025.07.01"]

1. e4 c5 2. Nf3 d6 3. d4 cxd4 4. Nxd4 Nf6 5. Nc3 Nc6 6. Be3 Ng4 7. Nxc6 bxc6 8.
Bf4 Qb6 9. Qd2 e5 10. Bg3 Qxb2 11. Rb1 Qa3 12. f3 Nf6 13. Rb3 Qa5 14. Bc4 Be7
15. O-O O-O 16. Kh1 Ba6 17. Bd3 Rab8 18. Rfb1 Rxb3 19. axb3 Nd7 20. Be1 Bxd3 21.
Qxd3 Qb6 22. Na4 Nc5 23. Qc4 Nxa4 24. Qxa4 d5 25. Bg3 f6 26. Ra1 Bc5 27. h3 Bd4
28. Rd1 dxe4 29. fxe4 c5 30. c3 Bxc3 31. Qc4+ Kh8 32. Qxc3 Rb8 33. Kh2 Qxb3 34.
Qxb3 1-0

[Event "Titled Tue 1st Jul Early"]
[Site "chess.com INT"]
[Date "2025.07.01"]
[Round "2"]
[White "Gogolev, Artem"]
[Black "Maghsoodloo, Parham"]
[Result "0-1"]
[WhiteTitle "IM"]
[BlackTitle "GM"]
[WhiteElo "2240"]
[BlackElo "2695"]
[WhiteFideId "4116615"]
[BlackFideId "12539929"]
[EventDate "2025.07.01"]

1. d4 Nf6 2. Nf3 b6 3. Nbd2 Bb7 4. e3 g6 5. b4 Bg7 6. c4 O-O 7. Be2 c5 8. bxc5
bxc5 9. Rb1 Qc8 10. O-O cxd4 11. Nxd4 Na6 12. Ba3 d6 13. Qa4 Nc5 14. Bxc5 dxc5
15. Bf3 Bxf3 16. N4xf3 Nd7 17. Nb3 Qc7 18. Rfd1 Nb6 19. Qb5 Rfc8 20. Na5 Rab8
21. Qa6 Bc3 22. Rb3 Rd8 23. Rdb1 Bb4 24. a3 Bxa5 25. Qxa5 Rd7 26. Qa6 Rbd8 27.
g3 Rd6 28. Kg2 Rf6 29. e4 h6 30. a4 g5 31. a5 Nc8 32. Qb7 Qxa5 33. e5 Re6 34.
Rb5 Qa3 35. Qe4 Nb6 36. Rxc5 Qxc5 0-1

[Event "Titled Tue 1st Jul Early"]
[Site "chess.com INT"]
[Date "2025.07.01"]
[Round "2"]
[White "Pham, Le Thao Nguyen"]
[Black "Onyshchuk, Volodymyr"]
[Result "0-1"]
[WhiteTitle "IM"]
[BlackTitle "GM"]
[WhiteElo "2357"]
[BlackElo "2607"]
[WhiteFideId "12401226"]
[BlackFideId "14114038"]
[EventDate "2025.07.01"]

1. d4 d6 2. Nf3 g6 3. c4 Bg7 4. Nc3 e5 5. e4 Nc6 6. Bg5 Nge7 7. d5 Nd4 8. Nxd4
exd4 9. Nb5 h6 10. Bh4 g5 11. Bg3 f5 12. f3 O-O 13. Nxd4 fxe4 14. fxe4 c5 15.
Nb5 Bd7 16. Qd2 Bxb5 17. cxb5 Ng6 18. Be2 Qe7 19. O-O-O Nf4 20. Rhe1 Qxe4 21.
Bf1 Qg6 22. Bxf4 Rxf4 23. g3 Rb4 24. Bd3 Qf6 25. b3 c4 26. Bxc4 Rc8 27. Qc2 Rxb5
28. Rd3 Rbc5 29. Kd1 b5 0-1

[Event "Titled Tue 1st Jul Early"]
[Site "chess.com INT"]
[Date "2025.07.01"]
[Round "2"]
[White "Dubnevych, Maksym"]
[Black "Veiga, Jose Francisco R P Neves"]
[Result "1-0"]
[WhiteTitle "FM"]
[BlackTitle "IM"]
[WhiteElo "2296"]
[BlackElo "2390"]
[WhiteFideId "14184001"]
[BlackFideId "1930087"]
[EventDate "2025.07.01"]

1. e4 c5 2. Nf3 d6 3. Bb5+ Nd7 4. O-O a6 5. Bxd7+ Bxd7 6. c4 Nf6 7. Nc3 Bc6 8.
Re1 e5 9. d3 Be7 10. a3 h6 11. b4 cxb4 12. axb4 b5 13. cxb5 axb5 14. Bd2 O-O 15.
Qb3 Qb6 16. Be3 Qb7 17. Ra5 Rxa5 18. bxa5 Ra8 19. Ra1 Bd8 20. Qb4 Bc7 21. Nd2
Ng4 22. Nd1 Nxe3 23. Nxe3 Qa7 24. Nb3 Bd7 25. h3 Be6 26. Nd5 Bxd5 27. exd5 Qa6
28. d4 Bd8 29. dxe5 dxe5 30. Nc5 Bxa5 31. Qb2 Qb6 32. Nb3 Ra6 33. Qxe5 Bb4 34.
Rc1 Kh7 35. Rc6 Qb7 36. Qe4+ g6 37. Rxa6 Qxa6 38. Qxb4 Qa4 39. Qc3 b4 40. Qc4
Kg7 41. d6 1-0

[Event "Titled Tue 1st Jul Early"]
[Site "chess.com INT"]
[Date "2025.07.01"]
[Round "2"]
[White "Logozar, Elijah"]
[Black "Piliposyan, Robert"]
[Result "0-1"]
[BlackTitle "IM"]
[WhiteElo "1928"]
[BlackElo "2415"]
[WhiteFideId "30963788"]
[BlackFideId "13309978"]
[EventDate "2025.07.01"]

1. e4 g6 2. d4 Bg7 3. Nc3 c6 4. Nf3 d6 5. a4 Nd7 6. Bc4 e6 7. Bf4 d5 8. exd5
exd5 9. Bxd5 cxd5 10. Nb5 Qe7+ 11. Kd2 Nb6 12. Re1 Be6 13. Nc7+ Kd8 14. Nxa8
Nxa8 15. Qe2 Nf6 16. Kc1 Ne4 17. a5 Nc7 18. c4 Na6 19. c5 Bf5 20. c6 Nb4 21. c7+
Kc8 22. a6 Qd7 23. axb7+ Kxb7 24. Ne5 Bxe5 25. Bxe5 Qc6+ 26. Kd1 Re8 27. g4 Bxg4
28. f3 Bh5 29. Rc1 Qa4+ 30. Rc2 Bxf3 31. c8=Q+ Rxc8 32. Qxf3 Qxc2# 0-1

[Event "Titled Tue 1st Jul Early"]
[Site "chess.com INT"]
[Date "2025.07.01"]
[Round "2"]
[White "Sreyas, Payyappat"]
[Black "Murthy, Pappu"]
[Result "1-0"]
[WhiteTitle "FM"]
[WhiteElo "2107"]
[BlackElo "1836"]
[WhiteFideId "46674969"]
[BlackFideId "2013401"]
[EventDate "2025.07.01"]

1. e4 e5 2. Nf3 Nc6 3. Bc4 Nf6 4. d4 exd4 5. e5 Ne4 6. Bd5 Nc5 7. Ng5 Ne6 8. Qh5
g6 9. Qg4 Bg7 10. f4 Nxg5 11. fxg5 Nxe5 12. Qg3 O-O 13. O-O d6 14. Nd2 c6 15.
Bb3 a5 16. Ne4 a4 17. Nf6+ Kh8 18. Qh4 h5 19. Nxh5 gxh5 20. Qxh5+ Kg8 21. g6
Nxg6 22. Bg5 Qb6 23. Bxf7+ Rxf7 24. Qxg6 d3+ 25. Kh1 1-0

[Event "Titled Tue 1st Jul Early"]
[Site "chess.com INT"]
[Date "2025.07.01"]
[Round "2"]
[White "Omariev, Maksim"]
[Black "Khoroshev, Nikita"]
[Result "1-0"]
[WhiteTitle "FM"]
[BlackTitle "IM"]
[WhiteElo "2304"]
[BlackElo "2357"]
[WhiteFideId "4193423"]
[BlackFideId "14200287"]
[EventDate "2025.07.01"]

1. g4 d5 2. Bg2 c6 3. h3 e5 4. d4 exd4 5. Qxd4 Qb6 6. Nf3 Qxd4 7. Nxd4 Nd7 8.
Bf4 Nc5 9. Nd2 Nf6 10. O-O-O Ne6 11. Nxe6 Bxe6 12. Rhe1 O-O-O 13. a3 h5 14. g5
Nd7 15. e4 Nb6 16. h4 Bc5 17. Bg3 Rhe8 18. Bf3 Bg4 19. Bxg4+ hxg4 20. exd5 cxd5
21. Nb3 Bf8 22. Rxe8 Rxe8 23. Rd4 Nc4 24. Kb1 Re1+ 25. Ka2 Re2 26. Kb1 g6 27.
Rxd5 Re1+ 28. Ka2 Re2 29. Kb1 b6 30. Rd4 b5 31. Rxg4 Bg7 32. Nd4 Rd2 33. Nxb5
Nxb2 34. Nd6+ Kd7 35. Nxf7 a5 36. Ne5+ Bxe5 37. Bxe5 Nd1 38. Rd4+ Rxd4 39. Bxd4 1-0

[Event "Titled Tue 1st Jul Early"]
[Site "chess.com INT"]
[Date "2025.07.01"]
[Round "2"]
[White "Principe, Gerson"]
[Black "Evdokimov, Alexey"]
[Result "1-0"]
[WhiteTitle "FM"]
[BlackTitle "FM"]
[WhiteElo "2176"]
[BlackElo "2205"]
[WhiteFideId "3804550"]
[BlackFideId "24162450"]
[EventDate "2025.07.01"]

1. d4 Nf6 2. Nf3 g6 3. e3 Bg7 4. Be2 O-O 5. O-O b6 6. a4 a6 7. c4 Bb7 8. b4 a5
9. b5 d6 10. Nbd2 Nbd7 11. Ba3 Re8 12. Rc1 e5 13. c5 dxc5 14. dxc5 Nxc5 15. Bxc5
bxc5 16. Nb3 Nd7 17. Qc2 Bf8 18. Rfd1 Qe7 19. Qc3 Bxf3 20. Bxf3 e4 21. Be2 Nb6
22. Nxc5 Red8 23. h3 Rxd1+ 24. Bxd1 Rd8 25. Bb3 Bg7 26. Qxa5 Bb2 27. Rc2 Be5 28.
Qe1 Bd6 29. Nb7 Ra8 30. Nxd6 Qxd6 31. a5 Qa3 32. axb6 Qxb3 33. b7 Rb8 34. Rxc7
Qe6 35. Qc3 Qd6 36. Rc8+ Qf8 37. Rxf8+ 1-0

[Event "Titled Tue 1st Jul Early"]
[Site "chess.com INT"]
[Date "2025.07.01"]
[Round "2"]
[White "Andriienko, Artom"]
[Black "Shukhman, Anna"]
[Result "0-1"]
[BlackTitle "WGM"]
[WhiteElo "2151"]
[BlackElo "2416"]
[WhiteFideId "34129510"]
[BlackFideId "54180058"]
[EventDate "2025.07.01"]

1. e4 c5 2. Nf3 d6 3. Bb5+ Nd7 4. O-O a6 5. Bd3 g6 6. c3 Bg7 7. Bc2 c4 8. b3 b5
9. a4 Bb7 10. Re1 Ngf6 11. bxc4 bxc4 12. Na3 Qc7 13. Rb1 d5 14. e5 Ne4 15. Nxc4
O-O 16. Ne3 Nxe5 17. Nxe5 Bxe5 18. Nxd5 Bxd5 19. Bxe4 Bxh2+ 20. Kh1 Bxe4 21.
Rxe4 Be5 22. Ba3 Bf6 23. Qe2 Rfe8 24. Re1 e6 25. Qf3 Bg7 26. g3 Qc6 27. Kg2 Red8
28. d4 Qxa4 29. Be7 Rd7 30. Rxe6 Re8 31. R6e3 Bh6 32. Bg5 Rxe3 33. Bxe3 Bxe3 34.
Rxe3 Rd8 35. Qf6 Rf8 36. Re7 Qc4 37. Qf3 Rd8 0-1

[Event "Titled Tue 1st Jul Early"]
[Site "chess.com INT"]
[Date "2025.07.01"]
[Round "2"]
[White "Plichta, Kamil"]
[Black "Toth, Christian Endre"]
[Result "1-0"]
[WhiteTitle "FM"]
[BlackTitle "IM"]
[WhiteElo "2361"]
[BlackElo "2354"]
[WhiteFideId "1141830"]
[BlackFideId "2100339"]
[EventDate "2025.07.01"]

1. Nf3 d5 2. g3 c5 3. Bg2 Nc6 4. d4 e6 5. O-O Nf6 6. c4 Be7 7. dxc5 Bxc5 8. a3
Be7 9. b4 Ne4 10. cxd5 exd5 11. Bb2 Bf6 12. Nd4 O-O 13. e3 Ne5 14. Nd2 Nxd2 15.
Qxd2 Nc4 16. Qe2 Nxb2 17. Qxb2 Be6 18. Rfd1 Qb6 19. Qb3 Rfd8 20. Rac1 a5 21. h4
h6 22. Rc5 axb4 23. axb4 Be7 24. Rb5 Qa6 25. Bxd5 Bxd5 26. Rxd5 Rxd5 27. Qxd5
Bxb4 28. Rb1 Qa5 29. Qxa5 Bxa5 30. Rxb7 g6 31. h5 Bc3 32. hxg6 fxg6 33. Ne6 Re8
34. Nf4 g5 35. Nd5 Be5 36. Rd7 Re6 37. Kg2 g4 38. Ra7 Rd6 39. Ne7+ 1-0

[Event "Titled Tue 1st Jul Early"]
[Site "chess.com INT"]
[Date "2025.07.01"]
[Round "2"]
[White "Uritsky, Yonathan"]
[Black "Guliev, Gasan"]
[Result "0-1"]
[WhiteTitle "FM"]
[BlackTitle "CM"]
[WhiteElo "2368"]
[BlackElo "2123"]
[WhiteFideId "2825651"]
[BlackFideId "34165638"]
[EventDate "2025.07.01"]

1. Nf3 d5 2. e3 Nf6 3. c4 c6 4. d4 e6 5. Nc3 Nbd7 6. Qc2 Bd6 7. b3 b6 8. Bb2 Bb7
9. Bd3 O-O 10. O-O Qc7 11. Rac1 Rac8 12. e4 dxe4 13. Nxe4 Nxe4 14. Bxe4 Nf6 15.
Bd3 c5 16. dxc5 Qxc5 17. Bxf6 gxf6 18. Bxh7+ Kg7 19. Be4 Ba6 20. Rfd1 f5 21.
Qc3+ f6 22. Bb1 Bb7 23. Qd4 Bxf3 24. gxf3 Qxd4 25. Rxd4 Be5 26. Rd7+ Rf7 27.
Rcd1 Rc7 28. Rxc7 Rxc7 29. Rd8 Kf7 30. h4 Kg6 31. Kg2 Rg7 32. Kh3 Kh7 33. Rd1
Kh6 34. Re1 Re7 35. f4 Bxf4 36. Bxf5 e5 37. Rg1 Rg7 38. Rxg7 Kxg7 39. Kg4 Kh6
40. Be4 Bd2 41. Kf5 Be1 42. Kxf6 Bxf2 43. h5 Bd4 44. Ke6 Kxh5 45. Kd7 a5 46. Kc6
Kg5 47. a3 Kf4 48. Kd5 Bc5 49. Bh7 Bxa3 50. Bg6 Bc5 51. Bh7 Bd4 52. Bg6 Ke3 53.
Bh5 Kd2 54. Bg4 Kc2 55. Bd1+ Kxd1 0-1

[Event "Titled Tue 1st Jul Early"]
[Site "chess.com INT"]
[Date "2025.07.01"]
[Round "2"]
[White "McDonald, Jhustice-Dimonte"]
[Black "Radionov, Timur"]
[Result "0-1"]
[WhiteTitle "CM"]
[BlackTitle "FM"]
[WhiteElo "2041"]
[BlackElo "2200"]
[WhiteFideId "7402481"]
[BlackFideId "34178772"]
[EventDate "2025.07.01"]

1. Nf3 d5 2. b3 e6 3. Bb2 Nf6 4. e3 Bd6 5. Be2 O-O 6. d4 c6 7. O-O Ne4 8. Nbd2
f5 9. Ne5 Nd7 10. f3 Nxd2 11. Qxd2 Nxe5 12. dxe5 Bc5 13. Bd4 Be7 14. Bd3 b5 15.
c4 bxc4 16. bxc4 c5 17. Bc3 d4 18. Bb2 Rb8 19. Rab1 Qc7 20. exd4 cxd4 21. Qf2
Rd8 22. Kh1 Bc5 23. Rfe1 a5 24. Ba1 Rxb1 25. Bxb1 d3 26. Qg3 Ba6 27. Rd1 Bxc4
28. f4 d2 29. Bc3 Bb4 30. a3 Be2 31. axb4 Bxd1 0-1

[Event "Titled Tue 1st Jul Early"]
[Site "chess.com INT"]
[Date "2025.07.01"]
[Round "2"]
[White "Zlatkov, Anton"]
[Black "Akshat Sureka"]
[Result "0-1"]
[WhiteTitle "FM"]
[BlackTitle "FM"]
[WhiteElo "2330"]
[BlackElo "2339"]
[WhiteFideId "15005402"]
[BlackFideId "25774492"]
[EventDate "2025.07.01"]

1. e4 c5 2. Nf3 d6 3. Bb5+ Bd7 4. Bxd7+ Qxd7 5. O-O Nc6 6. Re1 Nf6 7. c3 e6 8.
d4 cxd4 9. cxd4 d5 10. e5 Ne4 11. a3 Be7 12. Qd3 Rc8 13. Nbd2 Nxd2 14. Bxd2 O-O
15. h4 a6 16. Ng5 Bxg5 17. hxg5 Ne7 18. Bc3 Ng6 19. g3 f6 20. gxf6 gxf6 21. exf6
Rxf6 22. Bb4 Kh8 23. Re3 Qf7 24. Qe2 Rg8 25. Kf1 a5 26. Bd6 Rd8 27. Be5 Nxe5 28.
Rxe5 Rf8 29. f4 Rg8 30. Qf2 Rfg6 31. Re3 Qg7 32. Rae1 Qxd4 33. Rxe6 Qc4+ 34. Qe2
Rxe6 0-1

[Event "Titled Tue 1st Jul Early"]
[Site "chess.com INT"]
[Date "2025.07.01"]
[Round "2"]
[White "Romany, Joy"]
[Black "Dambaev, Dashi"]
[Result "0-1"]
[WhiteTitle "WIM"]
[BlackTitle "CM"]
[WhiteElo "1960"]
[BlackElo "2142"]
[WhiteFideId "10656820"]
[BlackFideId "55628494"]
[EventDate "2025.07.01"]

1. d4 Nf6 2. c4 e6 3. g3 Bb4+ 4. Nd2 c5 5. Nf3 cxd4 6. Nxd4 O-O 7. Bg2 Nc6 8.
Nc2 Be7 9. O-O b6 10. Nb3 Ba6 11. Ne3 Rc8 12. Bd2 Ne5 13. Rc1 Nxc4 14. Nxc4 Bxc4
15. Re1 d5 16. Bc3 Qd7 17. Be5 Rfd8 18. e3 Qa4 19. Nd4 Qxd1 20. Rcxd1 Nd7 21. b3
Ba6 22. Bf4 g5 23. Rc1 Nc5 24. b4 gxf4 25. bxc5 bxc5 26. Nb3 fxe3 27. fxe3 f5
28. Na5 c4 29. Rb1 Bc5 30. Kf2 Bb6 31. Nb3 cxb3 32. axb3 Rc2+ 33. Kf3 Bb7 34. g4
d4+ 35. Kg3 Rxg2+ 0-1

[Event "Titled Tue 1st Jul Early"]
[Site "chess.com INT"]
[Date "2025.07.01"]
[Round "2"]
[White "Ivannikov, Maksim"]
[Black "Melaugh, Shane"]
[Result "1-0"]
[WhiteTitle "CM"]
[BlackTitle "CM"]
[WhiteElo "2184"]
[BlackElo "2180"]
[WhiteFideId "34275339"]
[BlackFideId "2509580"]
[EventDate "2025.07.01"]

1. e4 e6 2. d3 d5 3. e5 c5 4. Nf3 Nc6 5. c3 Bd7 6. d4 cxd4 7. cxd4 a6 8. Nc3 Rc8
9. Be2 Nge7 10. O-O Ng6 11. Be3 Be7 12. Rc1 O-O 13. Na4 f6 14. exf6 Bxf6 15. Nc5
Rc7 16. Re1 Bc8 17. Bd3 Rcf7 18. Qc2 Nb4 19. Qb1 Nxd3 20. Qxd3 Nh4 21. Nxh4 Bxh4
22. g3 Bf6 23. Bf4 Bg5 24. Bxg5 Qxg5 25. Rc2 Qg4 26. Qe3 Rf3 27. Qe2 Qxd4 28.
Nb3 Qf6 29. Rec1 Bd7 30. Nc5 Bc8 31. Nd3 Bd7 32. Ne5 Bb5 33. Qxf3 Qxf3 34. Nxf3
Rxf3 35. Rc8+ Rf8 36. Rxf8+ Kxf8 37. Rc8+ Ke7 38. Rc7+ Kf6 39. Rxb7 d4 40. f4 h6
41. Kf2 g5 42. Rc7 Kf5 43. Rc5+ Kg4 44. fxg5 hxg5 45. Re5 Bc4 46. Re4+ Kh3 47.
b3 Bd5 48. Rxd4 Kxh2 49. Rg4 a5 50. Rxg5 a4 51. Rh5# 1-0

[Event "Titled Tue 1st Jul Early"]
[Site "chess.com INT"]
[Date "2025.07.01"]
[Round "2"]
[White "Gardezi, Arsal"]
[Black "Gajic, Mladen"]
[Result "1-0"]
[BlackTitle "FM"]
[WhiteElo "2084"]
[BlackElo "2246"]
[WhiteFideId "30949521"]
[BlackFideId "1709178"]
[EventDate "2025.07.01"]

1. Nf3 g5 2. Nxg5 e5 3. d3 Be7 4. Nf3 Nc6 5. Nc3 d5 6. e4 d4 7. Nd5 Be6 8. Nxe7
Ngxe7 9. Ng5 Qd6 10. Nxe6 Qxe6 11. Be2 Rg8 12. Bf3 O-O-O 13. h3 Kb8 14. Bg4 Qd6
15. O-O h5 16. Bxh5 Rg7 17. f4 Rdg8 18. Bg4 exf4 19. Bxf4 Qc5 20. Kh1 Ne5 21.
Bxe5 Qxe5 22. Qf3 Ng6 23. Qf5 Qg3 24. Rf3 Qd6 25. Rf2 Nh4 26. Qf6 Qg3 27. Qf4
Qe3 28. Qxe3 dxe3 29. Re2 f5 30. exf5 Re7 31. Rae1 Rge8 32. f6 Rf7 33. Bh5 1-0

[Event "Titled Tue 1st Jul Early"]
[Site "chess.com INT"]
[Date "2025.07.01"]
[Round "2"]
[White "Den Roover, Nikolay Jorgensen"]
[Black "Atkeson, Christopher Timothy"]
[Result "0-1"]
[WhiteTitle "CM"]
[WhiteElo "2003"]
[BlackElo "1979"]
[WhiteFideId "1557220"]
[BlackFideId "39956547"]
[EventDate "2025.07.01"]

1. Nf3 Nf6 2. g3 d6 3. Bg2 e5 4. d4 e4 5. Nfd2 d5 6. O-O c6 7. e3 Bd6 8. c4 O-O
9. Nc3 Be6 10. b3 Nbd7 11. Qe2 Re8 12. cxd5 cxd5 13. Nb5 Bb8 14. Ba3 Nf8 15.
Rac1 a6 16. Nc3 b5 17. Bc5 Ng6 18. a4 Bd7 19. axb5 axb5 20. b4 h5 21. Nxb5 Ra2
22. Nc3 Ra8 23. b5 Bg4 24. f3 exf3 25. Bxf3 Bxf3 26. Rxf3 h4 27. b6 hxg3 28.
hxg3 Nh5 29. Nf1 Qg5 30. Qf2 Nf6 31. b7 Ra6 32. Rf5 Qg4 33. Nh2 Qh3 34. Qg2 Qxf5
35. Rf1 Qd3 36. Nxd5 Nxd5 37. Qxd5 Qxe3+ 38. Kh1 Rf6 39. Rxf6 gxf6 40. Qg2 Qxg3
41. Qc6 Qxh2# 0-1

[Event "Titled Tue 1st Jul Early"]
[Site "chess.com INT"]
[Date "2025.07.01"]
[Round "2"]
[White "Souleidis, Georgios"]
[Black "Fernandez, Maria Florencia"]
[Result "1-0"]
[WhiteTitle "IM"]
[BlackTitle "WIM"]
[WhiteElo "2418"]
[BlackElo "2163"]
[WhiteFideId "4206827"]
[BlackFideId "116459"]
[EventDate "2025.07.01"]

1. e4 c5 2. Be2 d6 3. f4 Nc6 4. Nf3 g6 5. O-O Bg7 6. c3 Nf6 7. d3 O-O 8. Kh1 e5
9. fxe5 Nxe5 10. Nxe5 dxe5 11. Bg5 h6 12. Be3 Qd6 13. Nd2 Kh7 14. Nc4 Qe7 15. a4
b6 16. Qe1 Ba6 17. b3 Rad8 18. Qh4 Bxc4 19. bxc4 Nd5 20. Qxe7 Nxe7 21. a5 Nc8
22. axb6 axb6 23. g4 Rd7 24. Kg2 Ra7 25. Rxa7 Nxa7 26. Ra1 Nc8 27. Ra8 Rd8 28.
Rb8 Bf6 29. Kg3 Be7 30. Rb7 Kg7 31. h4 g5 32. h5 Bf6 33. Kf3 Kf8 34. Bf2 Ke8 35.
Ke3 Rd7 36. Rb8 Kd8 37. Bd1 Kc7 38. Ra8 Rd8 39. Bg3 Nd6 40. Ra7+ Kb8 41. Ra2 Kb7
42. Rf2 Ne8 43. Ba4 Be7 44. Rxf7 1-0

[Event "Titled Tue 1st Jul Early"]
[Site "chess.com INT"]
[Date "2025.07.01"]
[Round "2"]
[White "Predein, Vladimir"]
[Black "Kopczynski, Michal"]
[Result "0-1"]
[WhiteTitle "IM"]
[BlackTitle "CM"]
[WhiteElo "2373"]
[BlackElo "2225"]
[WhiteFideId "4117786"]
[BlackFideId "1124200"]
[EventDate "2025.07.01"]

1. e4 b6 2. d4 Bb7 3. Nc3 e6 4. Nf3 Nf6 5. Bd3 d5 6. e5 Nfd7 7. Be3 c5 8. Qd2
Nc6 9. O-O cxd4 10. Nxd4 Ncxe5 11. f4 Nxd3 12. cxd3 Be7 13. Rae1 O-O 14. Rf3 e5
15. fxe5 Nxe5 16. Rh3 Bc8 17. Rh5 Bf6 18. Bf4 Ng6 19. Qf2 Re8 20. Rf1 Be6 21.
Ncb5 Bg4 22. Bc7 Qd7 23. Rf5 Bxf5 24. Qxf5 Qxf5 25. Nxf5 Bxb2 26. Bg3 Be5 27.
Bxe5 Rxe5 28. d4 Re2 29. Nc7 Rd8 30. a4 h6 31. Rc1 Nf4 32. g3 Nh3+ 33. Kh1 Nf2+
34. Kg1 Ng4 35. h3 Ne3 36. Ne7+ Kh7 37. Nc6 Rc8 38. Nb5 Rg2+ 39. Kh1 Rxg3 40.
Kh2 Rg2+ 41. Kh1 Rc2 42. Rxc2 Nxc2 43. Nbxa7 Rc7 0-1

[Event "Titled Tue 1st Jul Early"]
[Site "chess.com INT"]
[Date "2025.07.01"]
[Round "2"]
[White "Ruiz Aguilar, Pablo Alexander"]
[Black "Garcia, Jhoel"]
[Result "0-1"]
[WhiteTitle "FM"]
[BlackTitle "IM"]
[WhiteElo "2141"]
[BlackElo "2293"]
[WhiteFideId "4401352"]
[BlackFideId "3801110"]
[EventDate "2025.07.01"]

1. e4 c5 2. Nf3 a6 3. c4 Nc6 4. d4 cxd4 5. Nxd4 e6 6. Nc3 Nf6 7. a3 d6 8. Be3
Be7 9. Rc1 O-O 10. Be2 Bd7 11. O-O Rc8 12. b4 Ne5 13. Qb3 Qc7 14. b5 Nxc4 15.
bxa6 bxa6 16. Bxc4 Qc5 17. Bxa6 Rb8 18. Qa2 Qa5 19. Bd3 Ng4 20. h3 Nxe3 21. fxe3
Bg5 22. Kh1 Bxe3 23. Nb3 Qe5 24. Rc2 Bg5 25. a4 Rfc8 26. Nb5 Rxc2 27. Qxc2 Rc8
28. Qe2 d5 29. exd5 Qxd5 30. Qf3 Qxf3 31. Rxf3 Be7 32. Rf1 f5 33. Be2 Ra8 34.
Bd1 Kf7 35. N3d4 g6 36. Nf3 Bf6 0-1